000 00467nam a2200169Ia 4500
008 090122s9999 xx 000 0 und d
082 _b3102
_a891.4683
100 _aपेठे
_bमेघना
245 _aहंस अकेला
260 _bराजहंस प्रकाशन
300 _a158
600 _aपेठे
630 _aहंस अकेला
700 _aपेठे
730 _aहंस अकेला
942 _cBOOK
999 _c27180
_d27180